| 000 | 00459nam a2200157 i 4500 | ||
|---|---|---|---|
| 001 | 71797 | ||
| 003 | ES-MaACL | ||
| 005 | 20230906171230.0 | ||
| 007 | t| | ||
| 008 | 040818s1955 it ||||1| ita d | ||
| 100 | 1 |
_aGiacon, Carlo. _956599 |
|
| 245 | 1 | 3 |
_aIl movimento di Gallarate _b: i dicci convegni dal 1945 al 1954 / _cCarlo Giacon. |
| 260 |
_aPadova : _bCedam, _c1955 ( _fGaraugola) |
||
| 300 |
_a219 p. ; _c23 cm. |
||
| 852 |
_aES-MaACL _jC-15812 _bR.43437 |
||
| 999 |
_c71797 _d71797 |
||